00677nam a2200217Ia 450000500170000000800410001704000190005804100120007708200150008910000220010424500640012626000350019030000120022550400400023765000230027765100260030085000100032694200070033699900160034395201000035920230216140841.0131103s9999 xx 000 0 und d aLoreto College aEnglish a820.9bWEL aWelland, D. S. R. 4aThe Pre-raphaclites in literature and artcD. S. R. Welland aLondonbGeorge G. Harrapc1953 a216 p.  aIncludes bibliographical references aEnglish Literature aHistory and Criticism aLCLIB cBK c7775d58254 00102ddc4070aMAINbMAINd2013-11-04l0o820.9 WEL 2289pB7647r2013-11-04w2013-11-04yBKf